000 nam a22 a 4500
999 _c2519
_d2519
005 20170517103345.0
008 170517s1989 xxu || 000 ||eng d
020 _a0849369223
040 _aAKMAL
082 _a615.7 DRU
090 _a615.7
_bDRU
245 _aDrug resistance in mammalian cells
_c editor Radhey S. Gupta. Vol. 2, Anticancer and other drugs.
260 _bCRC,
_c1989
300 _a295p.
_ccm
650 _aDrug resistance.
_95235
700 1 _a Gupta, Radhey S.
_d1947-
_q (Radhey Shyam)
_95236
942 _2ddc
_cBOOK